Národohospodářské účinky reformy nepřímých daní v ČSFR

Gespeichert in:
Bibliographische Detailangaben
1. Verfasser: Mervart, Josef
Weitere Verfasser: Vavrejnová, Marie, Galgonek, Karel
Format: Buch
Sprache:Tschechisch
Veröffentlicht: Praha Ústřední ústav národohospodářského výzkumu 1991
Ausgabe:1. vyd.
Tags: Tag hinzufügen
Keine Tags, Fügen Sie das erste Tag hinzu!

MARC

LEADER 00000nam a2200000 4500
001 c024479
005 20221214094302.2
041 0 |a cze 
044 |a CZ 
245 1 0 |a Národohospodářské účinky reformy nepřímých daní v ČSFR  |c Josef Mervart, Marie Vavrejnová, Karel Galgonek 
250 |a 1. vyd. 
264 1 |a Praha  |b Ústřední ústav národohospodářského výzkumu  |c 1991 
300 |a 49 s. 
100 1 |a Mervart, Josef 
700 1 |a Vavrejnová, Marie 
700 1 |a Galgonek, Karel